TOP 5 investícií

Výber Trend Analyses z investičných zámerov avizovaných v apríli.

Salvato in:
Dettagli Bibliografici
Natura: Capitolo di libro
Lingua:slovacco
Soggetti:
Tags: Aggiungi Tag
Nessun Tag, puoi essere il primo ad aggiungerne!!

MARC

LEADER 00000naa a2200000 4500
001 0217021
005 20231113105023.8
041 0 |a slo 
044 |a SK 
245 1 0 |a TOP 5 investícií 
520 |a Výber Trend Analyses z investičných zámerov avizovaných v apríli. 
610 2 0 |a podnikanie 
610 2 0 |a investori 
610 2 0 |a investovanie 
610 2 0 |a stratégia investičná